Catholic University of Zimbabwe Library
Online Public Access Catalogue
(OPAC)

Advances in accounting behavioral research. (Record no. 30627)

MARC details
000 -LEADER
fixed length control field 02632nam a2200385Ia 4500
001 - CONTROL NUMBER
control field bslw09385319
003 - CONTROL NUMBER IDENTIFIER
control field UtOrBLW
005 - DATE AND TIME OF LATEST TRANSACTION
control field 20210303085042.0
006 - FIXED-LENGTH DATA ELEMENTS--ADDITIONAL MATERIAL CHARACTERISTICS
fixed length control field m o d
007 - PHYSICAL DESCRIPTION FIXED FIELD--GENERAL INFORMATION
fixed length control field cr un|||||||||
008 - FIXED-LENGTH DATA ELEMENTS--GENERAL INFORMATION
fixed length control field 151209s2015 enka o 000 0 eng d
020 ## - INTERNATIONAL STANDARD BOOK NUMBER
International Standard Book Number 9781784416355 (electronic bk.) :
Terms of availability Đ72.95 ; <U+20ac>97.95 ; $124.95
040 ## - CATALOGING SOURCE
Original cataloging agency UtOrBLW
050 #4 - LIBRARY OF CONGRESS CALL NUMBER
Classification number HF5630
Item number .A38 2015
072 #7 - SUBJECT CATEGORY CODE
Subject category code KFC
Source bicssc
072 #7 - SUBJECT CATEGORY CODE
Subject category code KF
Source bicssc
072 #7 - SUBJECT CATEGORY CODE
Subject category code BUS001010
Source bisacsh
080 ## - UNIVERSAL DECIMAL CLASSIFICATION NUMBER
Universal Decimal Classification number 657
082 04 - DEWEY DECIMAL CLASSIFICATION NUMBER
Classification number 657.072
Edition number 23
245 00 - TITLE STATEMENT
Title Advances in accounting behavioral research.
Number of part/section of a work Vol. 18
Medium [electronic resource] /
Statement of responsibility, etc. edited by Donna Bobek Schmitt ... [et al.].
250 ## - EDITION STATEMENT
Edition statement 1st ed.
260 ## - PUBLICATION, DISTRIBUTION, ETC.
Place of publication, distribution, etc. Bingley, U.K. :
Name of publisher, distributor, etc. Emerald,
Date of publication, distribution, etc. 2015.
300 ## - PHYSICAL DESCRIPTION
Extent 1 online resource (xv, 213 p.) :
Other physical details ill.
490 0# - SERIES STATEMENT
Series statement Advances in accounting behavioral research,
International Standard Serial Number 1475-1488
505 0# - FORMATTED CONTENTS NOTE
Formatted contents note Too good to be true! : the bifurcated effect of strong tone in management disclosures on investors' decisions / Anis Triki, Vicky Arnold, Steve Sutton -- Negativity bias in investors' reactions to board of directors' risk oversight disclosure / Ikseon Suh, Joseph Ugrin -- Are there interactive effects of subordinate and client competence on audit reviewers' judgments? / Mohammad Abdolmohammadi, Alan Reinstein -- The effects of guanxi and compensation structure on the objectivity of chinese internal auditors / Yuedong Li ... [et al] -- Reporting fraud : an examination of the bystander effect and evidence strength / Alisa Brink, C. Kevin Eller, Huiqi Gan -- Organizational learning and firm profitability : the role of competitive advantage / Adam Maiga -- Variance reporting, belief revision and profitability / Robert Leitch, Michael Majerczyk, Yu Tian.
520 ## - SUMMARY, ETC.
Summary, etc. Advances in Accounting Behavioral Research publishes high-quality research encompassing all areas of accounting including financial, auditing, taxation, managerial and information systems, addressing a broad range of issues that affect the users, preparers and assurers of accounting information. Further, this research incorporates theory from, and contributes knowledge and understanding to, applied psychology, sociology, management science, and behavioral economics.
588 0# - SOURCE OF DESCRIPTION NOTE
Source of description note Print version record
650 #0 - SUBJECT ADDED ENTRY--TOPICAL TERM
Topical term or geographic name entry element Accounting
General subdivision Psychological aspects
-- Research.
650 #7 - SUBJECT ADDED ENTRY--TOPICAL TERM
Topical term or geographic name entry element Accounting.
Source of heading or term bicssc
650 #7 - SUBJECT ADDED ENTRY--TOPICAL TERM
Topical term or geographic name entry element Finance and accounting.
Source of heading or term bicssc
650 #0 - SUBJECT ADDED ENTRY--TOPICAL TERM
Topical term or geographic name entry element Business & Economics
General subdivision Accounting
-- Financial.
Source of heading or term bisacsh
700 1# - ADDED ENTRY--PERSONAL NAME
Personal name Schmitt, Donna Bobek.
776 1# - ADDITIONAL PHYSICAL FORM ENTRY
International Standard Book Number 9781784416362
856 40 - ELECTRONIC LOCATION AND ACCESS
Uniform Resource Identifier <a href="https://www.emerald.com/insight/publication/doi/10.1108/S1475-1488201518">https://www.emerald.com/insight/publication/doi/10.1108/S1475-1488201518</a>
Holdings
Withdrawn status Lost status Source of classification or shelving scheme Damaged status Not for loan Home library Current library Shelving location Date acquired Total Checkouts Full call number Date last seen Uniform Resource Identifier Price effective from Koha item type
          Digital Library Digital Library Online Access 03.03.2021   HF5630 .A38 2015 03.03.2021 https://www.emerald.com/insight/publication/doi/10.1108/S1475-1488201518 03.03.2021 eBook

OPENING HOURS

Weekdays: 0815hrs - 1800hrs
Weekends:0900hrs - 1200hrs

Closed for Mass:

Mon, Thur: 1200hrs - 1300hrs
Sunday & Public Holiday’s

CALL SUPPORT

0242-570570, 0242-570169
09200664, +263 8644140602

LOCATION

18443, Cranborne Avenue, Hatfield, Harare

Other Links


©2021 | CUZ Library